000 01373nam a22003137a 4500
005 20121023114544.0
008 121023t xxu||||| |||| 00| 0 eng d
010 _aENG-106117
020 _a9781259027734
_c550.00
020 _a1259027732
_c550.00
035 _aEN-89650
037 _bDBAD/PUB
040 _aDPL
_bEng
082 0 0 _a658.5
_222
100 1 _aCachon, Gérard
_953301
245 1 0 _aMatching supply with demand :
_ban introduction to operations management /
_cby Gérard Cachon [and] Christian Terwiesch
250 _a2nd ed
260 _aNew Delhi
_bTata McGraw-Hill
_c2012
270 _a7 West Patel Nagar
_bNew Delhi
_e110008
300 _axv, 485p. :
_bill.
_c24cm(pbk)
500 _aIncludes index.
650 0 _aProduction management.
_953302
700 1 _aTerwiesch, Christian
_953303
856 4 2 _3Publisher description
_uhttp://www.loc.gov/catdir/enhancements/fy0814/2008004099-d.html
856 4 1 _3Table of contents only
_uhttp://www.loc.gov/catdir/enhancements/fy0826/2008004099-t.html
942 _2ddc
_cEN
_h658.5
_mCAC
999 _c71042
_d71042